Responses for Show #8010 - Friday, June 7, 2019

Contestants

[<< previous game]

Steven Silverman, a software engineer from Arlington, Virginia

Allison Steger, a librarian from Austin, Texas

Brendan Roach, a policy researcher and advisor from Cambridge, Massachusetts (whose 1-day cash winnings total $38,200)

[next game >>]

Jeopardy! Round responses

ARTIFACTS
IT'S HARBOR DAY!
LITERARY CHARACTERS
FOREIGN RELATIONS
REALITY & GAME SHOW CATCHPHRASES
ORDER IN THE FOOD COURT
    $200 18
Ra

Steven
    $200 30
(Alex: Yes, the Statue of Liberty.)

New York Harbor

Brendan!
    $200 2
Hermione

Steven
    $200 22
brother

Allison!
    $200 28
The Price is Right

Allison!
    $200 24
guacamole

Brendan!
    $400 17
(Steven: What is the tomb of Ashurbanipal?)

the library

Steven
Triple Stumper
    $400 29
the Beagle

Allison!
    $400 3
Gandalf

Steven
    $400 23
grandmother

Allison!
    $400 21
Survivor

Allison!
    $400 16
olives

Allison!
    $600 9
Nelson

Steven
    $600 6
(Alex: Yeah, the Tea Party.)

Boston Harbor

Brendan!
    $600 4
Robert Langdon

Triple Stumper
    $2,000 14
(Alex: A [*], yes. A brother's daughter.)

niece

Brendan!
    $600 26
The Bachelor

Brendan!
    $600 11
a hot dog

Allison!
    $800 8
the Silk Road

Brendan!
    $800 5
the Baltic Sea

Brendan!
    $800 1
(Dr.) Watson

Allison!
    $800 13
great-aunt

Brendan!
    $800 25
Top Chef

Brendan!
    $800 10
(Allison: What is Cinnabon?)

pretzels

Brendan!Allison!
    $1000 19
wampum

Brendan!
    $1000 7
Sydney Harbor

Brendan!
    $1000 12
Brave New World

Brendan!
    $1000 15
sister

Brendan!
    $1000 27
(Brendan: What is Wheel of Fortune?)

Press Your Luck

Brendan!Steven
    $1000 20
Shake (Shack)

Allison!

Scores at the first commercial break (after clue 14):

Brendan! Allison! Steven
$7,800 $600 $1,200

Scores at the end of the Jeopardy! Round:

Brendan! Allison! Steven
$10,600 $3,600 $2,000

Double Jeopardy! Round responses

ARTY FACTS
AROUND THE BODY
RISE TO THE OCCASION
TOUGH LITTLE CROSSWORD CLUES
AMERICAN HISTORY
IF THEY MARRIED...
    $400 27
Georgia O'Keeffe

Brendan!
    $400 28
the uterus

Brendan!
    $400 29
Willis Tower (Sears Tower accepted)

Brendan!
    $400 30
alee

Allison!
    $400 25
(Alex: Less than a minute now.)

the Lincoln Memorial

Allison!
    $400 5
Lena Cena

Brendan!
    $800 2
a UFO (flying saucer)

Brendan!
    $800 20
the coronary arteries

Brendan!
    $800 22
(Brendan: What is You've Got Mail?)

Sleepless in Seattle

Brendan!Allison!
    $800 26
obi

Allison!
    $800 24
(Brendan: What is the Gadsden Trail?)

the Santa Fe Trail

Brendan!
Triple Stumper
    $800 4
Jane Pauley Graf

Triple Stumper
    $1200 21
Rivera

Steven
    $1200 10
four

Steven
    $1200 8
London

Brendan!
    $1200 1
(Steven: What is a nave?)

apse

Allison!Steven
    $4,000 6
(Alex: Before that, they were appointed.)

U.S. senators

Brendan!
    $1200 23
Tara Lipinski-Krasinski

Allison!
    $1600 15
"La Mer"

Steven
    $2,000 11
the femur

Steven
    $1600 9
Die Hard

Brendan!
    $1600 12
etui

Triple Stumper
    $1600 3
welfare

Allison!
    $1600 18
Becky Sharp-Payne

Triple Stumper
    $2000 16
Naked Maja

Triple Stumper
    $2000 14
the cerebellum

Brendan!
    $2000 19
Burj Khalifa

Brendan!
    $2000 13
sten

Triple Stumper
    $2000 7
(Alex: What is [*]? Big stones, [*] down on him.)

pressing

Triple Stumper
    $2000 17
Tori Amos-Stamos

Brendan!

Scores at the end of the Double Jeopardy! Round:

Brendan! Allison! Steven
$25,000 $10,000 $6,800
(lock game)

[wagering suggestions for these scores]

Final Jeopardy! Round responses

CANADIAN CITIES
(Alex: There were two very important words in that Final Jeopardy! clue--"Victoria" and "Albert".)
StevenWhat is Edmonton?
$4,133
Allison!What is Regina?
$10,000
Brendan!What is Victoria, BC?
$4,500
Regina

Final scores:

Brendan! Allison! Steven
$20,500 $20,000 $2,667
2-day champion: $58,700 2nd place: $2,000 3rd place: $1,000

Game dynamics:

Coryat scores:

Brendan! Allison! Steven
$20,800 $10,000 $6,400
26 R
(including 2 DDs),
3 W
16 R,
1 W
9 R
(including 1 DD),
2 W

Combined Coryat: $37,200

[game clues] [game scores] [suggest correction]

Game tape date: 2019-03-12
The J! Archive is created by fans, for fans. Scraping, republication, monetization, and malicious use prohibited; this site may use cookies and collect identifying information. See terms. The Jeopardy! game show and all elements thereof, including but not limited to copyright and trademark thereto, are the property of Jeopardy Productions, Inc. and are protected under law. This website is not affiliated with, sponsored by, or operated by Jeopardy Productions, Inc. Join the discussion at JBoard.tv.